| 000 | 00486nam a2200181Ia 4500 | ||
|---|---|---|---|
| 005 | 20250326123843.0 | ||
| 008 | 250326s9999 xx 000 0 und d | ||
| 037 | _aTextbook | ||
| 040 |
_aFMSL _beng _cFMSL |
||
| 041 |
_aeng _2eng |
||
| 084 |
_aS(T:51) K2 _qFMSL |
||
| 100 |
_aBurt S C _9736258 |
||
| 245 | 0 |
_aMental and scholastic tests _cBurt S C |
|
| 260 |
_aLondon _bLondon, Staples _c1962 |
||
| 300 | _a549p | ||
| 942 |
_cTB _hS(T:51) K2 |
||
| 999 |
_c1271214 _d1271214 |
||